LEADER 00754nam a2200157 i 4500 001 000000033443 003 CaOOAMICUS 005 20180830125450.0 008 180830n gw u000 u und u 040 $aSeMil$bita 245 10$aBarenreiter Taschenpartituren. 260 $aKassel ; Basel ; Tours ; London :$bBärenreiter,$c[1973?] 300 $av. ;$c23 cm. 774 0 $aBach, Johann Sebastian <1685-1750>$tJohannes-Passion = St. John Passion.$bUrtext der Neuen Bach-Ausgabe = Urtext of the New Bach Edition.$dKassel ; Basel ; Tours ; London : Bärenreiter, copyr. 1973.$gTP197$w()102066 996 $6245$aBarenreiter Taschenpartituren$9(OLS)http://semarc/title/45252 996 $6260$aKassel ; Basel ; Tours ; London :$bBärenreiter$9(OLS)http://semarc/publisher/31526 LEADER 01390nam a2200277 i 4500 001 000000252714 003 CaOOAMICUS 005 20170131000000.0 008 170131s2016 it u000 u ita u 013 $a231619 020 $a978-88-7839-351-6 040 $aSeMil$bita 100 1 $aDe Vito, Stefania <1976- >.$0(OLS)http://semarc/name/91425 245 13$aLa schiavitù via di pace :$buna prospettiva pragmalinguistica di Rm 6,15-23 /$cStefania De Vito. 260 $aRoma :$bPontificia Università Gregoriana,$c2016. 300 $a334 p. ;$c24 cm. 490 0 $aTesi Gregoriana. Serie Teologia ;$v226 650 4$aBibbia. Nuovo Testamento. Lettera ai Romani - Commentari, studi, critica, interpretazioni.$0(OLS)http://semarc/subject/31 650 4$aBibbia - NT - Lettere ai Romani 6,15-23.$0(OLS)http://semarc/subject/36347 830 0$aTesi Gregoriana. Serie Teologia ;$v226.$0(OLS)http://semarc/title/351 850 $aSeMil 852 $aSeMil$W1$xVenegono$y1$m2M VI 326$j203060$B203060$CSeMilBibl$Z2$F215781 $81 961 $aSottoscrizione: Pontificia Università Gregoriana 996 $6020$a978-88-7839-351-6$9(OLS)http://semarc/number/275128 996 $6245$aLa schiavitù via di pace :$buna prospettiva pragmalinguistica di Rm 6,15-23$9(OLS)http://semarc/title/410131 996 $6260$aRoma :$bPontificia Università Gregoriana$9(OLS)http://semarc/publisher/29750